LEADER 00887cac0 22002291 450 001 LAEC00016519 005 20130416110318.0 100 $a20110502c0000 |||||ita|0103 ba 102 $aIT 110 $ab 200 1 $a<>Conchiglie 210 $aMilano$cCortina 801 0$aIT$bUNISOB$c20130416$gRICA 912 $aLAEC00016519 940 $aC 121 Collana SBN 941 $aC 996 $aConchiglie$9261199 997 $aUNISOB 998 \\$1001E600200026975$12001 $a<>fascino del male$ecrimini e responsabilità nelle storie di vita di tre serial killer 998 \\$1001E600200069895$12001 $aInteressi truccati$egiochi di travestimento e angoscia culturale 998 \\$1001SOB005591$12001 $aSegreti di donne$eLe relazioni precoci tra madre e figlia 998 \\$1001SOB019857$12001 $aCompagni d'amore$eDa Ganimede a Batman. Identità e mito nelle omosessualità maschili LEADER 01416nas# 22003013i 450 001 VAN0083626 005 20231110121525.695 011 $a1364-8152 100 $a20110505a1997 |0itac50 ba 101 $aeng 102 $aUS 105 $a|||| ||||| 110 $aaB||||||||| 200 1 $aEnvironmental modelling & software 207 $aVol. 12, issue 1 (1997)- 210 $aOxford$cElsevier$d1997- 215 $avolumi$d30 cm 300 $aBimestrale. - Continuazione di: Environmental software 620 $aGB$dOxford$3VANL000020 676 $a614$cIgiene. Misure pubbliche per promuovere la salute e prevenire le malattie$v22 712 $aElsevier $3VANV108024$4650 801 $aIT$bSOL$c20231117$gRICA 856 4 $uhttp://www.sciencedirect.com/science/journal/13648152$zhttp://www.sciencedirect.com/science/journal/13648152 899 $aBIBLIOTECA DEL DIPARTIMENTO DI SCIENZE E TECNOLOGIE AMBIENTALI BIOLOGICHE E FARMACEUTICHE$1IT-CE0101$2VAN17$41998; 2004;$cC14/5 ; 912 $aVAN0083626 950 $aBIBLIOTECA DEL DIPARTIMENTO DI SCIENZE E TECNOLOGIE AMBIENTALI BIOLOGICHE E FARMACEUTICHE$b171998; 2004;$d17CONS C14/2 1998 $e17DSA29 20110505 $d17CONS C14/2 2004 $e17DSA66 20110505 996 $aEnvironmental modelling & software$91413780 997 $aUNICAMPANIA